Acción de amparo

Saved in:
Bibliographic Details
Main Author: Henríquez Viñas, Miriam Lorena (autor)
Format: Unknown
Language:English
Published: Santiago, Chile: DER, 2019.
Series:Cuadernos Jurídicos
Subjects:
Tags: Add Tag
No Tags, Be the first to tag this record!

MARC

LEADER 00000 a2200000 4500
003 CL-VaPUC
005 20250425110445.0
008 200319t ||||| |||| 00| 0 eng d
020 |a 9789569959608 
040 |c Pontificia Universidad Católica de Valparaíso 
082 0 7 |a 342.085 HEN 2019  |2 22 
100 |a Henríquez Viñas, Miriam Lorena  |9 737728  |e autor 
245 1 0 |a Acción de amparo 
260 |a Santiago, Chile:  |b DER,  |c 2019. 
300 |a 82 páginas. 
490 0 |a Cuadernos Jurídicos 
650 0 0 |a Recurso de amparo  |9 256122 
650 0 0 |a Procedimiento penal  |9 254974 
942 |2 ddc  |c BK  |n 0 
999 |c 422688  |d 422686 
952 |0 0  |1 0  |2 ddc  |4 0  |6 342_085000000000000_HEN_2019  |7 0  |9 560998  |a BIBDER  |b BIBDER  |d 2020-03-11  |e 22  |g 10500.00  |i 5574013  |l 2  |o 342.085 HEN 2019  |p 5574013  |r 2024-03-15  |s 2024-03-15  |t 1  |v 10500.00  |w 2020-03-11  |y BK  |k DER